Manual of traffic engineering studies (Record no. 33603)

000 -LEADER
fixed length control field 00526nam a22001937a 4500
001 - CONTROL NUMBER
control field 33603
003 - CONTROL NUMBER IDENTIFIER
control field BD-DhUET
008 - FIXED-LENGTH DATA ELEMENTS--GENERAL INFORMATION
fixed length control field 150917b xxu||||| |||| 00| 0 eng d
040 ## - CATALOGING SOURCE
Transcribing agency DLC
Modifying agency BD-DhUET
082 ## - DEWEY DECIMAL CLASSIFICATION NUMBER
Classification number 388.312
Item number CLE/1964
100 ## - MAIN ENTRY--PERSONAL NAME
Personal name Cleveland, Donald E.
245 ## - TITLE STATEMENT
Title Manual of traffic engineering studies
250 ## - EDITION STATEMENT
Edition statement 3rd ed.
260 ## - PUBLICATION, DISTRIBUTION, ETC. (IMPRINT)
Place of publication, distribution, etc. Woshington .D. C.
Name of publisher, distributor, etc. Institute of traffic Engineers
Date of publication, distribution, etc. 1964
300 ## - PHYSICAL DESCRIPTION
Extent xii, 187 p.
Other physical details ill
504 ## - BIBLIOGRAPHY, ETC. NOTE
Bibliography, etc Includes bibliographies
650 #0 - SUBJECT ADDED ENTRY--TOPICAL TERM
Topical term or geographic name as entry element Traffic engineering
942 ## - ADDED ENTRY ELEMENTS (KOHA)
Koha item type Edited Book
Holdings
Withdrawn status Price effective from Piece designation (barcode) Koha normalized classification for sorting Shelving location Date acquired Koha full call number Source of classification or shelving scheme Damaged status Sublocation or collection (holding branch) Koha date last seen Location (home branch) Copy number Not for loan Koha item type Lost status
 2015-09-1784362388_312000000000000_CLE_1964Reference section2015-09-17388.312/CLE/1964  Central Library, BUET2015-09-17Central Library, BUET1 Edited Book 
 2017-03-1222130388_312000000000000_CLE_1964Circulation section2017-03-12388.312/CLE/1964  Central Library, BUET2017-03-25Central Library, BUET2 Edited Book 
 2017-03-1222128388_312000000000000_CLE_1964Circulation section2017-03-12388.312/CLE/1964  Central Library, BUET2017-03-12Central Library, BUET3 Edited Book 
 2017-03-1222126388_312000000000000_CLE_1964Circulation section2017-03-12388.312/CLE/1964  Central Library, BUET2017-03-12Central Library, BUET4 Edited Book 
 2017-03-1222127388_312000000000000_CLE_1964Circulation section2017-03-12388.312/CLE/1964  Central Library, BUET2017-03-12Central Library, BUET5 Edited Book 
 2017-03-1222129388_312000000000000_CLE_1964Circulation section2017-03-12388.312/CLE/1964  Central Library, BUET2017-03-12Central Library, BUET6 Edited Book